000 00367cam a2200145ua 4500
041 _aeng
_h
082 _a320.58
_bMUK/GA
100 _aMukherji, Kiran .
245 _aGandhji: A study /
_cMukherji, Hiren.
_hTextual Documents
260 _aNew Delhi :
_bPeoples publishing house ,
_c1960.
300 _a225 ; .
504 _a
942 _cBK
999 _c12421
_d12421